Palloni d'Oro del Bayern Monaco - Statistics

Statistiche generali
  • Questo quiz è stato fatto 26 volte
  • Il punteggio medio è 4 su 5
Statistiche sulle risposte
Edizione Nazione Calciatore % Corretto
1972 Germania Ovest Franz Beckenbauer
95%
1976 Germania Ovest Franz Beckenbauer
95%
1970 Germania Ovest Gerd Müller
86%
1980 Germania Ovest Karl-Heinz Rummenigge
73%
1981 Germania Ovest Karl-Heinz Rummenigge
73%
Nessun quiz corrispondente trovato
Distribuzione punteggi
Percentuale di utenti per punteggio
Percentile per numero di risposta
I tuoi punteggi nel tempo
Non hai fatto questo quiz